জিন্না : (Record no. 39768)
[ view plain ]
| 000 -LEADER | |
|---|---|
| fixed length control field | 00940nam a2200229 a 4500 |
| 001 - CONTROL NUMBER | |
| control field | 39768 |
| 003 - CONTROL NUMBER IDENTIFIER | |
| rucl marc code | BD-RjUL |
| 005 - DATE AND TIME OF LATEST TRANSACTION | |
| control field | 20211209053044.0 |
| 008 - FIXED-LENGTH DATA ELEMENTS--GENERAL INFORMATION | |
| fixed length control field | 160418r20142009ii ||||| |||| 001 0 ben d |
| 020 ## - INTERNATIONAL STANDARD BOOK NUMBER | |
| International Standard Book Number | 9788177568554 |
| Terms of availability | : IRs 500.00 |
| 035 ## - SYSTEM CONTROL NUMBER | |
| System control number | (BD-RjUL) 39881 |
| 040 ## - CATALOGING SOURCE | |
| Original cataloging agency | BD-RjUL |
| Language of cataloging | ben |
| Transcribing agency | BD-RjUL |
| 041 ## - LANGUAGE CODE | |
| Language code of text/sound track or separate title | ben |
| 082 ## - DEWEY DECIMAL CLASSIFICATION NUMBER | |
| Edition number | 23 |
| Classification number | 954.9092 |
| Author mark and year | SIJ 2014 |
| 100 ## - MAIN ENTRY--PERSONAL NAME | |
| Personal name | সিংহ, যশোবন্ত |
| 9 (RLIN) | 122521 |
| 245 10 - TITLE STATEMENT | |
| Title | জিন্না : |
| Remainder of title | ভারত দেশভাগ স্বাধীনতা / |
| Statement of responsibility, etc. | যশোবন্ত সিংহ |
| 260 ## - PUBLICATION, DISTRIBUTION, ETC. (IMPRINT) | |
| Place of publication, distribution, etc. | কুলকাতা : |
| Name of publisher, distributor, etc. | আনন্দ পাবলিশার্স, |
| Date of publication, distribution, etc. | ২০১৪ |
| 300 ## - PHYSICAL DESCRIPTION | |
| Pagination | [১৩], ৪৬২ পৃ. : |
| Illustrations | চিত্র ; |
| Size | ২৪ সেমি. |
| 600 ## - SUBJECT ADDED ENTRY--PERSONAL NAME | |
| Personal name | jinnah, Mohammad ali |
| Chronological subdivision | 1876-1948 |
| Personal name | জিন্না, মোহাম্মাদ আলী |
| Chronological subdivision | ১৮৭৬-১৯৪৮ |
| 942 ## - ADDED ENTRY ELEMENTS (KOHA) | |
| Source of classification or shelving scheme | Dewey Decimal Classification |
| Koha item type | Books |
| Lost status | Source of classification or shelving scheme | Damaged status | Not for loan | Collection code | Permanent Location | Current Location | Shelving location | Date acquired | Source of acquisition | Cost, normal purchase price | Total Checkouts | Full call number | Date last seen | Copy number | Koha item type | Date checked out | Total Renewals |
|---|---|---|---|---|---|---|---|---|---|---|---|---|---|---|---|---|---|
| Dewey Decimal Classification | Not For Loan | Non-fiction | Central Library, University of Rajshahi | Central Library, University of Rajshahi | Reading Room | 22/06/2015 | Batighor, Chittagong | 933.33 | B 954.9092 SIJ 2014 | 18/04/2016 | C-1 | Books | |||||
| Dewey Decimal Classification | Non-fiction | Central Library, University of Rajshahi | Central Library, University of Rajshahi | 22/06/2015 | Batighor, Chittagong | 933.33 | 21 | B 954.9092 SIJ 2014 | 17/09/2024 | C-2 | Books | 06/06/2024 | |||||
| Dewey Decimal Classification | Non-fiction | Central Library, University of Rajshahi | Central Library, University of Rajshahi | 22/06/2015 | Batighor, Chittagong | 933.33 | 14 | B 954.9092 SIJ 2014 | 22/08/2022 | C-3 | Books | 16/08/2022 |